000
00249nam a2200109Ia 4500
008
190216s9999||||xx |||||||||||||| ||und||
100
_a
Grumer
245
0
_a
Philosophy Of Critical History
260
_b
Gower Press
650
_a
History
942
_c
BK
999
_c
19752
_d
19752